000 00248nam a2200097Ia 4500
008 191206s9999 xx 000 0 und d
090 _aDT2996.ALE
245 0 _aPOLITICS PATRONAGE AND THE STATE IN ZIMBABWE
260 _aWeaver Press
260 _cc2014
999 _c16711
_d16711